000 00553nam a22001697a 4500
003 koha_MIRAKIL
005 20241009111733.0
008 231213b |||||||| |||| 00| 0 ||| d
040 _aTR-IsEVY
_btur
_cTR-IsEVY
082 _a92ATA SİV/A
100 _aSivaslıoğlu, Aziz
245 0 _aAtatürk ile ilgili herşeyi öğreniyorum/
_cAziz Sivaslıoğlu ; resimleyen İlknur Ercan Koldaş.
260 _bAnıtkabir Derneği,
300 _a16 s. :
_brenkli resimli ;
_c21 cm.
650 _aMustafa Kemal Atatürk.
_vAtatürk Hayatı.
942 _2ddc
_cBK
999 _c20643
_d20643